[Event "3. LGA Premium Cup"]
[Site "Nürnberg"]
[Date "2006.09.09"]
[Round "3.2"]
[White "Sriram, Jha"]
[Black "Graf, Alexander"]
[Result "0-1"]
[WhiteElo "2408"]
[BlackElo "2583"]
[PlyCount "100"]
[EventDate "2006.??.??"]

1. d4 Nf6 2. c4 e6 3. Nf3 c5 4. d5 d6 5. Nc3 exd5 6. cxd5 a6 7. a4 g6 8. Nd2
Nbd7 9. e4 Bg7 10. Be2 O-O 11. O-O Re8 12. Re1 Rb8 13. Qc2 Ne5 14. Nf1 Nh5 15.
Bd2 Qf6 16. Qc1 Ng4 17. Bxg4 Bxg4 18. Ne3 Qh4 19. Nf5 Bxf5 20. Bg5 Bh6 21. Bxh4
Bxc1 22. Raxc1 Bd7 23. f3 b5 24. axb5 axb5 25. Ra1 b4 26. Ne2 Bb5 27. Bg5 f6
28. Bd2 Ra8 29. Ng3 Nxg3 30. hxg3 Kf7 31. g4 g5 32. Kf2 Bc4 33. Rh1 Kg6 34.
Rhc1 Ba2 35. Rh1 Reb8 36. Rh3 Bxd5 37. Rxa8 Bxa8 38. Rh1 d5 39. exd5 Bxd5 40.
Ra1 c4 41. Ra4 c3 42. Bc1 c2 43. b3 Rb6 44. Ra7 Bxb3 45. Rc7 Rd6 46. g3 Rd1 47.
Be3 h5 48. gxh5+ Kxh5 49. f4 gxf4 50. Bxf4 Kg6 0-1

[Event "3. LGA Premium Cup"]
[Site "Nürnberg"]
[Date "2006.09.09"]
[Round "3.3"]
[White "Ftacnik, Lubomir"]
[Black "Rau, Hannes"]
[Result "1-0"]
[WhiteElo "2579"]
[BlackElo "2387"]
[PlyCount "63"]
[EventDate "2006.??.??"]

1. d4 Nf6 2. Nf3 e6 3. c4 b6 4. g3 Bb7 5. Bg2 Be7 6. Nc3 Ne4 7. Bd2 Bf6 8. O-O
O-O 9. Rc1 c5 10. d5 exd5 11. cxd5 Nxd2 12. Nxd2 d6 13. Nde4 Be5 14. Qd2 Ba6
15. f4 Bd4+ 16. Kh1 Qe7 17. Rf3 Nd7 18. g4 Nf6 19. Nxf6+ Bxf6 20. Re3 Qd7 21.
Ne4 Be7 22. g5 Rae8 23. Ra3 Bc8 24. Bh3 Qc7 25. Bxc8 Rxc8 26. f5 Rfe8 27. Rg1
Kh8 28. Rh3 Qd7 29. Qf4 g6 30. Nf6 Bxf6 31. gxf6 Qxf5 32. Qxf5 1-0

[Event "3. LGA Premium Cup"]
[Site "Nürnberg"]
[Date "2006.09.09"]
[Round "3.4"]
[White "Drabke, Lorenz Maximilian"]
[Black "Brodsky, Michail"]
[Result "0-1"]
[WhiteElo "2389"]
[BlackElo "2571"]
[PlyCount "80"]
[EventDate "2006.??.??"]

1. e4 c5 2. Nf3 Nc6 3. Bb5 d6 4. O-O Bd7 5. Re1 Nf6 6. c3 a6 7. Bf1 Bg4 8. h3
Bxf3 9. Qxf3 g6 10. Na3 Bh6 11. Nc2 O-O 12. b3 Rc8 13. Ne3 e6 14. d3 Bg7 15.
Bb2 d5 16. exd5 Nxd5 17. Nxd5 exd5 18. g3 b5 19. Bg2 b4 20. Rac1 bxc3 21. Bxc3
Bxc3 22. Rxc3 Qa5 23. Qf6 Nd4 24. Rcc1 Rc6 25. Qg5 Re6 26. Kf1 Rfe8 27. Rxe6
Nxe6 28. Qxd5 Qxa2 29. Qc4 Nd4 30. Qa4 Qe2+ 31. Kg1 Re6 32. Qc4 Qe5 33. Kh2 Qf6
34. Rf1 Re2 35. Kg1 Rc2 36. Qd5 Kg7 37. h4 Rc3 38. Re1 Nxb3 39. Re4 Nd4 40. Rf4
Ne2+ 0-1

[Event "3. LGA Premium Cup"]
[Site "Nürnberg"]
[Date "2006.09.09"]
[Round "3.5"]
[White "Fridman, Daniel"]
[Black "Heinz, Axel"]
[Result "1-0"]
[WhiteElo "2569"]
[BlackElo "2386"]
[PlyCount "117"]
[EventDate "2006.??.??"]

1. Nf3 Nf6 2. d4 e6 3. c4 Bb4+ 4. Nbd2 d5 5. Qa4+ Nc6 6. Ne5 Bd7 7. Nxd7 Qxd7
8. e3 Ne4 9. Qc2 Nxd2 10. Bxd2 Bxd2+ 11. Qxd2 O-O 12. b4 Rad8 13. Rd1 a6 14. a4
dxc4 15. Bxc4 Qd6 16. b5 axb5 17. axb5 Ne7 18. O-O c5 19. bxc6 bxc6 20. Qc2 g6
21. Be2 Rb8 22. Rc1 Rfc8 23. Rfd1 Rb6 24. Bf3 Rcb8 25. g3 Rb2 26. Qc4 R2b4 27.
Qf1 R4b6 28. Rd2 Rb4 29. Rdc2 R4b6 30. Rc5 Kg7 31. Qd3 Kg8 32. h4 Rb3 33. Qf1
R3b6 34. h5 Kg7 35. Qh3 Rb1 36. h6+ Kg8 37. Kg2 Rxc1 38. Rxc1 f6 39. g4 Kf7 40.
Be4 Rb5 41. Qg3 Qxg3+ 42. Kxg3 Rb8 43. Rc5 Rc8 44. Bg2 Ng8 45. Bxc6 Nxh6 46. d5
Rd8 47. e4 Ng8 48. dxe6+ Kxe6 49. Bd5+ Kd7 50. Rc6 f5 51. gxf5 gxf5 52. e5 Ne7
53. Rd6+ Kc7 54. Rxd8 Kxd8 55. Be6 h5 56. Bf7 Nc6 57. f4 Ke7 58. Bc4 Nd4 59.
Kh4 1-0

[Event "3. LGA Premium Cup"]
[Site "Nürnberg"]
[Date "2006.09.09"]
[Round "3.6"]
[White "Meinhardt, Maximilian"]
[Black "Prusikin, Michael"]
[Result "1/2-1/2"]
[WhiteElo "2387"]
[BlackElo "2557"]
[PlyCount "38"]
[EventDate "2006.??.??"]

1. e4 e6 2. d4 d5 3. e5 c5 4. c3 Nc6 5. Nf3 Bd7 6. dxc5 Bxc5 7. b4 Bb6 8. b5
Na5 9. Bd3 Qc7 10. Qe2 Ne7 11. O-O h6 12. Bf4 g5 13. Bg3 Ng6 14. Rc1 Nc4 15. a4
a6 16. Nbd2 Nxd2 17. Qxd2 axb5 18. axb5 Rxa1 19. Rxa1 Ba5 1/2-1/2

[Event "3. LGA Premium Cup"]
[Site "Nürnberg"]
[Date "2006.09.09"]
[Round "3.7"]
[White "Hillarp Persson, Tiger"]
[Black "Sobolevski, Leonid"]
[Result "1-0"]
[WhiteElo "2549"]
[BlackElo "2377"]
[PlyCount "59"]
[EventDate "2006.??.??"]

1. d4 d5 2. c4 c6 3. Nf3 Nf6 4. Nc3 e6 5. Bg5 h6 6. Bh4 dxc4 7. e4 g5 8. Bg3 b5
9. Be2 Bb7 10. O-O Nbd7 11. Ne5 Bb4 12. Nxf7 Kxf7 13. e5 Bxc3 14. exf6 Nxf6 15.
bxc3 Ke7 16. Be5 Nd5 17. Qc2 Nf4 18. Bxf4 gxf4 19. Rfe1 Qg8 20. Bf3 Kd7 21. Re5
Kc7 22. Qe4 Qh7 23. Qxf4 Kb6 24. d5 exd5 25. Qe3+ c5 26. Re6+ Bc6 27. Rxc6+
Kxc6 28. Qe6+ Kc7 29. Qxd5 Kb6 30. a4 1-0

[Event "3. LGA Premium Cup"]
[Site "Nürnberg"]
[Date "2006.09.09"]
[Round "3.8"]
[White "Gofshtein, Leonid"]
[Black "Safyanowsky, Mark"]
[Result "1-0"]
[WhiteElo "2521"]
[BlackElo "2347"]
[PlyCount "59"]
[EventDate "2006.??.??"]

1. e4 c5 2. Nf3 d6 3. d4 Nf6 4. Nc3 cxd4 5. Nxd4 Nc6 6. Bg5 Qb6 7. Nb3 e6 8.
Bxf6 gxf6 9. Qd2 a6 10. O-O-O Bd7 11. f4 O-O-O 12. Be2 h5 13. Rhf1 Kb8 14. Rf3
h4 15. Kb1 Be7 16. Qe1 Rdg8 17. Bf1 Rg7 18. a3 Na7 19. Nd2 Bc6 20. f5 Qc7 21.
Qf2 Nc8 22. Rh3 Rgh7 23. Bc4 Qb6 24. Qf1 Bd7 25. Nb3 d5 26. exd5 e5 27. d6 Nxd6
28. Nd5 Qd8 29. Nxe7 Qxe7 30. Rhd3 1-0

[Event "3. LGA Premium Cup"]
[Site "Nürnberg"]
[Date "2006.09.09"]
[Round "3.9"]
[White "Heinzel, Olaf"]
[Black "Hector, Jonny"]
[Result "0-1"]
[WhiteElo "2384"]
[BlackElo "2508"]
[PlyCount "105"]
[EventDate "2006.??.??"]

1. d4 d5 2. Bf4 Nf6 3. Nf3 c5 4. e3 Nc6 5. c3 Qb6 6. Qb3 c4 7. Qc2 Bf5 8. Qc1
e6 9. Be2 Be7 10. h3 Qa5 11. Nbd2 b5 12. a3 Qb6 13. O-O a5 14. Bd1 O-O 15. Bc2
b4 16. e4 bxc3 17. bxc3 dxe4 18. Nxc4 Qa6 19. Nfe5 Nd5 20. Bd2 Rac8 21. Bb3 a4
22. Ba2 Nxe5 23. Nxe5 h5 24. c4 f6 25. Nd7 Rfd8 26. Nc5 Bxc5 27. dxc5 Rxc5 28.
Bb4 Rc7 29. c5 g5 30. Rd1 Rcd7 31. Bc4 Qc6 32. Qb2 g4 33. h4 g3 34. Bxd5 gxf2+
35. Kxf2 exd5 36. Qd4 Rg7 37. Kg1 Bg4 38. Rd2 Kh7 39. Rf1 Bf3 40. Rxf3 exf3 41.
Qd3+ Kg8 42. Qxf3 Qe6 43. Re2 Qf7 44. c6 Qg6 45. Ba5 Rb8 46. Qxd5+ Kh7 47. Bb4
Qg4 48. Qd3+ Qg6 49. Qd6 Re8 50. Rf2 f5 51. Qd5 Re4 52. Qxf5 Rc4 53. Qxg6+ 0-1

[Event "3. LGA Premium Cup"]
[Site "Nürnberg"]
[Date "2006.09.09"]
[Round "3.10"]
[White "Aronow, Maxim"]
[Black "Ginsburg, Gennadij"]
[Result "0-1"]
[WhiteElo "2322"]
[BlackElo "2506"]
[PlyCount "101"]
[EventDate "2006.??.??"]

1. e4 c5 2. Nc3 Nc6 3. g3 g6 4. Bg2 Bg7 5. d3 d6 6. Be3 e5 7. Qd2 Nd4 8. Nd5
Nf6 9. Nxf6+ Qxf6 10. c3 Nc6 11. Ne2 O-O 12. f4 Qe7 13. O-O f5 14. Rad1 Bd7 15.
fxe5 dxe5 16. Nc1 Rae8 17. Nb3 b6 18. Na1 Kh8 19. Nc2 Rf7 20. Bg5 Qd6 21. Ne3
Ne7 22. Rf2 Ref8 23. Rdf1 Ng8 24. Nc4 Qe6 25. Ne3 Qd6 26. Nc4 Qe6 27. Bh3 h6
28. Be3 Qe7 29. Bg2 Kh7 30. Re2 b5 31. Na5 Be6 32. b4 cxb4 33. cxb4 Rc8 34.
exf5 gxf5 35. d4 e4 36. d5 Bd7 37. Bc5 Rxc5 38. bxc5 Qxc5+ 39. Kh1 Nf6 40. Rd1
Ng4 41. Nb3 Qb6 42. Rf1 Kg8 43. h3 Nf6 44. Qe1 Qd6 45. Nc1 Nh5 46. Re3 Bd4 47.
Rb3 Be5 48. Ne2 Rg7 49. g4 fxg4 50. Bxe4 Nf6 51. Nc1 0-1

[Event "3. LGA Premium Cup"]
[Site "Nürnberg"]
[Date "2006.09.09"]
[Round "3.11"]
[White "Levin, Felix"]
[Black "Seyb, Dieter"]
[Result "1-0"]
[WhiteElo "2500"]
[BlackElo "2295"]
[PlyCount "59"]
[EventDate "2006.??.??"]

1. Nf3 g6 2. d4 Bg7 3. e4 d6 4. Bc4 e6 5. Qe2 Ne7 6. O-O Nd7 7. Bb3 b6 8. c3
Bb7 9. Nbd2 h6 10. Rd1 O-O 11. Nf1 Nf6 12. Ng3 Qe8 13. h3 c5 14. dxc5 dxc5 15.
Bf4 Nc8 16. Rd2 b5 17. Qe3 g5 18. Be5 Qc6 19. Nxg5 Ng4 20. hxg4 Bxe5 21. f4 Bc7
22. Nf3 Ne7 23. Ne5 Bxe5 24. fxe5 Kh7 25. Rd6 Qc7 26. Rad1 Bc8 27. Nh5 Ng6 28.
g5 Nxe5 29. Nf6+ Kh8 30. Qh3 1-0

[Event "3. LGA Premium Cup"]
[Site "Nürnberg"]
[Date "2006.09.09"]
[Round "3.12"]
[White "Eppinger, Georg"]
[Black "Kunin, Vitaly"]
[Result "0-1"]
[WhiteElo "2277"]
[BlackElo "2494"]
[PlyCount "68"]
[EventDate "2006.??.??"]

1. e4 c5 2. c3 Nf6 3. e5 Nd5 4. d4 cxd4 5. Nf3 e6 6. cxd4 b6 7. Nc3 Nxc3 8.
bxc3 Qc7 9. Bd2 d6 10. Bd3 Nd7 11. Ng5 Bb7 12. f4 Bxg2 13. Rg1 Bb7 14. f5 exf5
15. e6 O-O-O 16. Nxf7 Nc5 17. dxc5 Qxc5 18. Rf1 Be7 19. Qe2 g6 20. O-O-O Rhe8
21. Rf4 Kb8 22. Nxd8 Bxd8 23. Bc4 g5 24. Rd4 Bf6 25. Be3 Rxe6 26. Kb1 Re7 27.
Qd2 Bxd4 28. Bxg5 Be3 29. Bxe3 Rxe3 30. Qxd6+ Qxd6 31. Rxd6 Rxc3 32. Bg8 Be4+
33. Kb2 Rc2+ 34. Kb3 Rxh2 0-1

[Event "3. LGA Premium Cup"]
[Site "Nürnberg"]
[Date "2006.09.09"]
[Round "3.30"]
[White "Miskevicer, Boris"]
[Black "Schlötterer, Hermann"]
[Result "0-1"]
[WhiteElo "2251"]
[BlackElo "2010"]
[PlyCount "56"]
[EventDate "2006.??.??"]

1. d4 Nf6 2. c4 c5 3. d5 b5 4. cxb5 a6 5. bxa6 Bxa6 6. Nc3 g6 7. Nf3 Bg7 8. d6
e6 9. e4 Bxf1 10. Kxf1 O-O 11. Bg5 Qb6 12. Qe2 Nc6 13. Rd1 Ng4 14. Be7 Rfb8 15.
h3 Nge5 16. Nxe5 Bxe5 17. Rd2 Bxc3 18. bxc3 Qb1+ 19. Rd1 Qxa2 20. g4 Rb2 21.
Qe3 Qc4+ 22. Qd3 Qxd3+ 23. Rxd3 Ra1+ 24. Kg2 Rxh1 25. Kxh1 Rxf2 26. Rd1 Ne5 27.
Kg1 Ra2 28. Rb1 Nf3+ 0-1

[Event "3. LGA Premium Cup"]
[Site "Nürnberg"]
[Date "2006.09.09"]
[Round "3.31"]
[White "Weinmann, Stefan"]
[Black "Schütz, Günter"]
[Result "1-0"]
[WhiteElo "2003"]
[BlackElo "2244"]
[PlyCount "67"]
[EventDate "2006.??.??"]

1. d4 f5 2. g3 Nf6 3. Bg2 g6 4. Nh3 Bg7 5. O-O O-O 6. c3 c6 7. Nf4 Na6 8. Nd3
d6 9. Nd2 Qe8 10. Nf3 Ne4 11. Bf4 h6 12. h4 Be6 13. Qc1 Kh7 14. Nd2 Nxd2 15.
Bxd2 Nc7 16. f4 Qf7 17. Bf3 Bxa2 18. Rxa2 Qxa2 19. h5 Qe6 20. Nf2 d5 21. Kg2
Ne8 22. g4 Nd6 23. Rh1 Kg8 24. g5 Ne4 25. Nd3 Rfc8 26. Ne5 Bxe5 27. fxe5 c5 28.
hxg6 hxg5 29. Bxe4 fxe4 30. Bxg5 Qg4+ 31. Kf1 Qg3 32. Rh8+ Kxh8 33. Bf6+ Kg8
34. Qh6 1-0

[Event "3. LGA Premium Cup"]
[Site "Nürnberg"]
[Date "2006.09.09"]
[Round "3.35"]
[White "Horstmann, Astrid"]
[Black "Hirn, Oskar"]
[Result "1/2-1/2"]
[WhiteElo "1951"]
[BlackElo "2203"]
[PlyCount "32"]
[EventDate "2006.??.??"]

1. c4 Nf6 2. Nc3 g6 3. g3 Bg7 4. Bg2 O-O 5. d3 c6 6. e4 d6 7. Nge2 Nbd7 8. O-O
e5 9. h3 Ne8 10. Be3 f5 11. Qd2 Nef6 12. f4 exf4 13. gxf4 Qe7 14. Ng3 fxe4 15.
dxe4 Ne8 16. Nce2 Ndf6 1/2-1/2

[Event "3. LGA Premium Cup"]
[Site "Nürnberg"]
[Date "2006.09.09"]
[Round "4.1"]
[White "Graf, Alexander"]
[Black "Ginsburg, Gennadij"]
[Result "1/2-1/2"]
[WhiteElo "2583"]
[BlackElo "2506"]
[PlyCount "120"]
[EventDate "2006.??.??"]

1. d4 d5 2. c4 e6 3. Nc3 c5 4. cxd5 exd5 5. Nf3 Nc6 6. g3 Nf6 7. Bg2 Be7 8. O-O
O-O 9. Bg5 cxd4 10. Nxd4 h6 11. Be3 Re8 12. Qc2 Bg4 13. Rfd1 Qd7 14. f3 Bh5 15.
Bf2 Bg6 16. Qa4 Bc5 17. Rac1 Bb6 18. Nb3 Bxf2+ 19. Kxf2 Qe7 20. Qf4 Rad8 21.
Nd4 Ne5 22. b3 a6 23. Bf1 b5 24. Qd2 Qa7 25. Kg2 Nd3 26. exd3 Qxd4 27. Ne2 Qb6
28. d4 Bf5 29. g4 Bd7 30. Nf4 Re7 31. Re1 Rde8 32. Rxe7 Rxe7 33. Qb4 Re8 34.
Nd3 h5 35. g5 Nh7 36. h4 Qe6 37. Kg3 Qf5 38. Re1 Rxe1 39. Qxe1 f6 40. gxf6 Qg6+
41. Kf2 Qxf6 42. Ke3 Nf8 43. Ne5 Bf5 44. a4 bxa4 45. bxa4 Ne6 46. Bxa6 Qh6+ 47.
Kf2 Qf4 48. Kg2 Qxd4 49. Nc6 Qxa4 50. Ne7+ Kf7 51. Nxf5 Qc2+ 52. Kg3 Qxf5 53.
Qd2 Qe5+ 54. f4 Qd4 55. Qc1 Nc5 56. Be2 Ne4+ 57. Kh3 Nf6 58. Qc7+ Kg6 59. Qe5
Qe4 60. Bxh5+ Nxh5 1/2-1/2

[Event "3. LGA Premium Cup"]
[Site "Nürnberg"]
[Date "2006.09.09"]
[Round "4.3"]
[White "Brodsky, Michail"]
[Black "Levin, Felix"]
[Result "1-0"]
[WhiteElo "2571"]
[BlackElo "2500"]
[PlyCount "133"]
[EventDate "2006.??.??"]

1. d4 d5 2. c4 c6 3. Nc3 Nf6 4. Nf3 dxc4 5. a4 Na6 6. e3 Bg4 7. Bxc4 e6 8. h3
Bxf3 9. Qxf3 Nb4 10. O-O Be7 11. Rd1 O-O 12. Qe2 Qa5 13. Bd2 Qc7 14. Rac1 Rad8
15. Be1 Qb6 16. Kh1 c5 17. dxc5 Bxc5 18. e4 e5 19. g4 h6 20. h4 a5 21. Qf3 Rxd1
22. Rxd1 Nc2 23. Bd2 Nd4 24. Qg2 Nh7 25. f4 exf4 26. Bxf4 Qf6 27. Qg3 Ne6 28.
Be5 Bf2 29. Bxf6 Bxg3 30. Be7 Re8 31. Rd7 b6 32. Rb7 Bf2 33. Bb5 Ra8 34. Nd5
Nc5 35. Nxb6 Nxb7 36. Nxa8 Nf6 37. Kg2 Nxg4 38. Be2 Bc5 39. Bxc5 Nxc5 40. Bxg4
Nxa4 41. b3 Nc5 42. Bd1 Nxe4 43. Nb6 Nc3 44. Bc2 h5 45. Nc4 a4 46. bxa4 Nxa4
47. Bxa4 f6 48. Be8 g5 49. hxg5 fxg5 50. Bxh5 g4 51. Kg3 Kg7 52. Kxg4 Kf6 53.
Kf4 Ke6 54. Bf3 Kf6 55. Bg4 Kg6 56. Bf5+ Kh6 57. Nd6 Kg7 58. Kg5 Kf8 59. Kf6
Kg8 60. Nf7 Kf8 61. Bh7 Ke8 62. Ne5 Kd8 63. Ke6 Kc7 64. Nd7 Kc6 65. Bd3 Kc7 66.
Be4 Kd8 67. Kd6 1-0

[Event "3. LGA Premium Cup"]
[Site "Nürnberg"]
[Date "2006.09.09"]
[Round "4.4"]
[White "Wells, Peter"]
[Black "Fridman, Daniel"]
[Result "1/2-1/2"]
[WhiteElo "2480"]
[BlackElo "2569"]
[PlyCount "59"]
[EventDate "2006.??.??"]

1. d4 d5 2. c4 c6 3. Nf3 Nf6 4. Nc3 dxc4 5. a4 Bf5 6. Ne5 Nbd7 7. Nxc4 Nd5 8.
Bg5 N7b6 9. e3 f6 10. Bh4 e6 11. a5 Bb4 12. Qb3 Nxc4 13. Bxc4 Bxa5 14. Qxb7 O-O
15. Qa6 Bb4 16. O-O Nxc3 17. bxc3 Bxc3 18. Ra3 Bb4 19. Rb3 c5 20. e4 Bg6 21.
Bxe6+ Bf7 22. d5 g5 23. Bg3 Qb6 24. Bxf7+ Rxf7 25. Qc4 a5 26. d6 Qa6 27. Qe6
Qc8 28. Qc4 Qa6 29. Qe6 Qc8 30. Qc4 1/2-1/2

[Event "3. LGA Premium Cup"]
[Site "Nürnberg"]
[Date "2006.09.09"]
[Round "4.5"]
[White "Gutman, Lev"]
[Black "Hillarp Persson, Tiger"]
[Result "1-0"]
[WhiteElo "2448"]
[BlackElo "2549"]
[PlyCount "91"]
[EventDate "2006.??.??"]

1. Nf3 g6 2. g3 Bg7 3. d4 d6 4. Bg2 Nd7 5. O-O e5 6. dxe5 dxe5 7. Nbd2 Ne7 8.
Nc4 O-O 9. Qd3 Nc6 10. e4 Nb6 11. Qxd8 Rxd8 12. Nxb6 axb6 13. Bg5 Rd6 14. a3 f5
15. c3 Be6 16. Rfe1 h6 17. Be3 Rad8 18. Nh4 Bc8 19. f4 Re8 20. exf5 gxf5 21.
fxe5 Nxe5 22. Bf4 Rdd8 23. Rad1 Rxd1 24. Rxd1 c6 25. Bxe5 Bxe5 26. Bh3 Bf6 27.
Bxf5 Bxh4 28. Bxc8 Rxc8 29. gxh4 Re8 30. Kf2 Re7 31. Rd6 Kg7 32. Kf3 b5 33. h5
Re1 34. Rd7+ Kg8 35. Rxb7 Rb1 36. Rc7 Rxb2 37. Rxc6 Rxh2 38. Rc5 Rb2 39. Ke4
Rb3 40. Kd3 Rb2 41. Rc8+ Kf7 42. Rb8 Rb3 43. a4 b4 44. Rxb4 Ra3 45. Kc2 Ra1 46.
Kb2 1-0

[Event "3. LGA Premium Cup"]
[Site "Nürnberg"]
[Date "2006.09.09"]
[Round "4.6"]
[White "Renner, Christoph"]
[Black "Gofshtein, Leonid"]
[Result "1/2-1/2"]
[WhiteElo "2424"]
[BlackElo "2521"]
[PlyCount "120"]
[EventDate "2006.??.??"]

1. e4 d5 2. exd5 Qxd5 3. Nf3 Bg4 4. Be2 Nc6 5. h3 Bf5 6. d4 e5 7. c4 Qd6 8. d5
Nb4 9. O-O Be7 10. Na3 a6 11. Be3 e4 12. Nd4 Bd7 13. Qb3 b6 14. Rfd1 Nh6 15. c5
bxc5 16. Ne6 Bxe6 17. Nc4 Qd7 18. dxe6 Qxe6 19. Bxh6 Qxh6 20. Ne5 O-O 21. Rd7
Qf6 22. Ng4 Qg5 23. a3 Nc6 24. Rxc7 Nd4 25. Qc4 Bd6 26. Rd7 Rad8 27. Rxd8 Rxd8
28. Bf1 h5 29. Ne3 Qe5 30. g3 h4 31. Ng4 Qf5 32. gxh4 Nf3+ 33. Kh1 Qf4 34. Bg2
Be7 35. b4 Kf8 36. Bxf3 Qxf3+ 37. Kg1 Qxh3 38. Qxe4 Rd4 39. Qa8+ Bd8 40. Ne3
cxb4 41. axb4 Qxh4 42. Qxa6 Rd2 43. Qf1 Qxb4 44. Rd1 Bg5 45. Rxd2 Qxd2 46. Nc4
Qd5 47. Qe2 Bf4 48. Qc2 g6 49. Nb2 g5 50. Nd3 Bd6 51. Qc8+ Ke7 52. Ne1 Qe4 53.
Nc2 Bf4 54. Qc5+ Kf6 55. Nd4 Be5 56. Nc2 Kg6 57. Ne3 f5 58. Qf8 Bf6 59. Qd6 g4
60. Nd5 Qe1+ 1/2-1/2

[Event "3. LGA Premium Cup"]
[Site "Nürnberg"]
[Date "2006.09.09"]
[Round "4.7"]
[White "Hector, Jonny"]
[Black "Milov, Leonid"]
[Result "1-0"]
[WhiteElo "2508"]
[BlackElo "2482"]
[PlyCount "81"]
[EventDate "2006.??.??"]

1. e4 d5 2. exd5 Qxd5 3. Nc3 Qa5 4. d4 Nf6 5. Bd2 Bg4 6. Nge2 Nc6 7. f3 Bf5 8.
a3 a6 9. g4 Bg6 10. b4 Qb6 11. Be3 e6 12. Na4 Qa7 13. c4 b5 14. Nec3 bxc4 15.
Bxc4 Bd6 16. O-O O-O 17. Qd2 Qb7 18. g5 Nd7 19. d5 Nce5 20. Be2 exd5 21. Nxd5
Qc6 22. Nb2 Nd3 23. Bxd3 Qxd5 24. Bxg6 Qxd2 25. Bxh7+ Kxh7 26. Bxd2 Nb6 27.
Rad1 Kg6 28. Be3 Rad8 29. f4 Kf5 30. Kg2 Rfe8 31. Kf3 Rh8 32. Bxb6 cxb6 33.
Rd5+ Ke6 34. Rfd1 Rh3+ 35. Kg4 Rc3 36. R5d4 b5 37. Nd3 f5+ 38. gxf6 gxf6 39.
Nc5+ Bxc5 40. Re1+ Kf7 41. Rxd8 1-0

[Event "3. LGA Premium Cup"]
[Site "Nürnberg"]
[Date "2006.09.09"]
[Round "4.8"]
[White "Vijayalakshmi, Subbaraman"]
[Black "Baramidze, David"]
[Result "0-1"]
[WhiteElo "2417"]
[BlackElo "2591"]
[PlyCount "86"]
[EventDate "2006.??.??"]

1. Nf3 c5 2. c4 Nc6 3. g3 g6 4. Bg2 Bg7 5. Nc3 d6 6. d3 e6 7. Bf4 e5 8. Bd2
Nge7 9. O-O O-O 10. Ne1 f5 11. Qc1 Rb8 12. Nc2 a6 13. Ne3 b5 14. cxb5 axb5 15.
Nxb5 Rxb5 16. Qc4+ Kh8 17. Qxb5 Nd4 18. Qa5 Qxa5 19. Bxa5 f4 20. Bc7 Nxe2+ 21.
Kh1 f3 22. Bxd6 fxg2+ 23. Kxg2 Bb7+ 24. f3 Rf7 25. Nc4 g5 26. Bxc5 g4 27. Nd6
Bxf3+ 28. Kf2 Rf6 29. Ne8 Rh6 30. h4 Nf5 31. Nxg7 Kxg7 32. Rg1 Rc6 33. b4 Nxg1
34. Kxg1 Nxg3 35. a4 Ne2+ 36. Kf2 Rf6 37. b5 g3+ 38. Ke3 g2 39. Kd2 Nd4 40.
Bxd4 exd4 41. a5 Be4 42. Ke2 Rf1 43. Rxf1 Bxd3+ 0-1

[Event "3. LGA Premium Cup"]
[Site "Nürnberg"]
[Date "2006.09.09"]
[Round "4.9"]
[White "Prusikin, Michael"]
[Black "Reich, Thomas"]
[Result "1-0"]
[WhiteElo "2557"]
[BlackElo "2442"]
[PlyCount "45"]
[EventDate "2006.??.??"]

1. d4 Nf6 2. c4 g6 3. Nc3 Bg7 4. e4 O-O 5. Nf3 d6 6. Be2 Bg4 7. Be3 Nfd7 8. h4
c5 9. d5 Na6 10. h5 Bxh5 11. Ng5 Bxe2 12. Qxe2 h6 13. Nf3 Nf6 14. Bxh6 Bxh6 15.
Rxh6 Kg7 16. Rh1 Rh8 17. O-O-O Qd7 18. e5 dxe5 19. Qxe5 Qg4 20. Rxh8 Rxh8 21.
Qxe7 Nb4 22. a3 Re8 23. Qxc5 1-0

[Event "3. LGA Premium Cup"]
[Site "Nürnberg"]
[Date "2006.09.09"]
[Round "4.11"]
[White "Zaragatski, Ilja"]
[Black "Bromberger, Stefan"]
[Result "1/2-1/2"]
[WhiteElo "2436"]
[BlackElo "2507"]
[PlyCount "30"]
[EventDate "2006.??.??"]

1. e4 c5 2. Nf3 d6 3. Bb5+ Bd7 4. Bxd7+ Qxd7 5. c4 Nf6 6. Nc3 g6 7. d4 cxd4 8.
Nxd4 Bg7 9. O-O O-O 10. f3 Rc8 11. b3 d5 12. exd5 Nxd5 13. Nxd5 e6 14. Bh6 exd5
15. Bxg7 Kxg7 1/2-1/2

[Event "3. LGA Premium Cup"]
[Site "Nürnberg"]
[Date "2006.09.09"]
[Round "4.13"]
[White "Zude, Erik"]
[Black "Meinhardt, Maximilian"]
[Result "0-1"]
[WhiteElo "2421"]
[BlackElo "2387"]
[PlyCount "132"]
[EventDate "2006.??.??"]

1. e4 e6 2. d4 d5 3. Nc3 Nc6 4. e5 f6 5. Bb5 Bd7 6. Nf3 Qe7 7. O-O Qf7 8. a3
Nge7 9. Re1 O-O-O 10. Bf4 Rg8 11. Qe2 f5 12. Rad1 h6 13. h4 Qh5 14. Qe3 Ng6 15.
Bg3 Nce7 16. Be2 f4 17. Bxf4 Nf5 18. Qd2 Nxf4 19. Qxf4 g5 20. hxg5 hxg5 21. Qh2
Qf7 22. g4 Ne7 23. Rd3 Qg7 24. Nd2 Ng6 25. Rh3 Nf4 26. Rh7 Qg6 27. Bd1 c5 28.
Ne2 Nxe2+ 29. Rxe2 cxd4 30. Qh5 Be8 31. Nb3 d3 32. Re3 dxc2 33. Rc3+ Kb8 34.
Bxc2 Qxh5 35. gxh5 Bg7 36. Nd4 Bxe5 37. Rb3 b6 38. Bd3 Rc8 39. Nxe6 g4 40. Bb5
Rc1+ 41. Kg2 Bxb5 42. Rxb5 Rc6 43. Rxd5 Rxe6 44. Rdd7 Rf8 45. Rb7+ Kc8 46. Rbe7
Rxe7 47. Rxe7 Bf6 48. Rxa7 Rh8 49. Kg3 Rxh5 50. Kxg4 Ra5 51. Rf7 Bxb2 52. f4
Rxa3 53. f5 Re3 54. f6 Bxf6 55. Rxf6 Kc7 56. Kf4 Re1 57. Rh6 Kb7 58. Kf3 Ka6
59. Kf2 Re5 60. Rh1 Kb5 61. Rb1+ Kc5 62. Rc1+ Kd4 63. Rc8 b5 64. Rb8 Kc3 65.
Kf3 b4 66. Kf4 Re1 0-1

[Event "3. LGA Premium Cup"]
[Site "Nürnberg"]
[Date "2006.09.09"]
[Round "4.14"]
[White "Bunk, Karsten"]
[Black "Sriram, Jha"]
[Result "0-1"]
[WhiteElo "2179"]
[BlackElo "2408"]
[PlyCount "96"]
[EventDate "2006.??.??"]

1. d4 e6 2. c4 b6 3. Nf3 Nf6 4. g3 Ba6 5. Nbd2 d5 6. Qa4+ c6 7. cxd5 exd5 8. b4
Bd6 9. Bb2 O-O 10. a3 Re8 11. e3 Bb7 12. Bg2 Qe7 13. O-O a5 14. bxa5 Rxa5 15.
Qb3 Nbd7 16. a4 Rea8 17. Bc3 R5a7 18. Rfb1 h6 19. Bf1 Qe6 20. Qc2 Re8 21. Ra2
Rc8 22. Rba1 g6 23. Qb1 Re8 24. Qc2 Nh7 25. Qb3 f5 26. a5 b5 27. a6 Bc8 28. Bb4
Nhf6 29. Bxd6 Qxd6 30. Qc2 Ne4 31. Nxe4 dxe4 32. Qb3+ Kg7 33. Nd2 Nb6 34. Qb2
Kh7 35. Nb3 Be6 36. Nc5 Bxa2 37. Rxa2 Nd7 38. Nb7 Qe6 39. Ra5 Rea8 40. Qa3 Nb6
41. Nc5 Qe7 42. Qb3 Nd7 43. Bxb5 Nxc5 44. dxc5 Qxc5 45. Qc4 Qb6 46. Bxc6 Qxa5
47. Bxa8 Qa1+ 48. Kg2 Rxa8 0-1

[Event "3. LGA Premium Cup"]
[Site "Nürnberg"]
[Date "2006.09.09"]
[Round "4.15"]
[White "Kotz, Reinhard"]
[Black "Drabke, Lorenz Maximilian"]
[Result "0-1"]
[WhiteElo "2170"]
[BlackElo "2389"]
[PlyCount "88"]
[EventDate "2006.??.??"]

1. f4 g6 2. Nf3 Bg7 3. Nc3 c5 4. e3 Nc6 5. b3 d6 6. Bb5 Bd7 7. Bb2 a6 8. Bxc6
Bxc6 9. Qe2 Nh6 10. d3 O-O 11. Nd1 f6 12. O-O b5 13. c4 Qd7 14. d4 bxc4 15.
bxc4 cxd4 16. Nxd4 Bb7 17. Rc1 Rfc8 18. Nc3 e6 19. Rfd1 Nf7 20. Qd3 Rc7 21. h4
Rac8 22. h5 f5 23. hxg6 hxg6 24. Nf3 Rxc4 25. Ne2 Be4 26. Qa3 Rxc1 27. Bxc1 Qb7
28. Kf2 Rc2 29. Rd2 Rxd2 30. Bxd2 e5 31. Bc3 Bf6 32. Qb2 Qxb2 33. Bxb2 Kg7 34.
Nd2 Bd3 35. Nc1 Bb5 36. Ncb3 g5 37. g3 Kg6 38. Nf3 exf4 39. Bxf6 fxg3+ 40. Kxg3
Kxf6 41. Nbd4 Bc4 42. a3 Ne5 43. Nd2 Bd3 44. N2b3 Nc4 0-1

[Event "3. LGA Premium Cup"]
[Site "Nürnberg"]
[Date "2006.09.09"]
[Round "4.65"]
[White "Grimm, Pascal"]
[Black "Thoma, Dirk"]
[Result "0-1"]
[WhiteElo "1857"]
[BlackElo "1577"]
[PlyCount "58"]
[EventDate "2006.??.??"]

1. e4 c5 2. d3 d5 3. Nd2 dxe4 4. Nxe4 e6 5. g3 b6 6. Bg2 Qc7 7. Nd6+ Bxd6 8.
Bxa8 Nc6 9. c3 Nge7 10. Ne2 O-O 11. Be3 Bd7 12. Bxc6 Bxc6 13. Rg1 f5 14. f4 Bf3
15. Qc2 c4 16. O-O-O Nd5 17. Bf2 cxd3 18. Qxd3 Be4 19. Qb5 Nb4 20. Nd4 Bxf4+
21. gxf4 Qxf4+ 22. Rd2 Nd3+ 23. Kd1 Nxf2+ 24. Ke1 Qe3+ 25. Qe2 Nd3+ 26. Kf1
Qf4+ 27. Nf3 Bxf3 28. Qxe6+ Kh8 29. Rxd3 Bd5+ 0-1